Представление документа в формате RUSMARC

ПолеНазваниеЗначение
  Тип записи a
  Библиографический уровень a
001 Контрольный номер RU/CBS_Ul/BASE/525969162
005 Дата корректировки 20240209175204.2
100 Данные общей обработки __
a Данные общей обработки 20160831d2016 ||| 0rusy0189 ca
101 Язык документа 0_
a Язык текста rus
102 Страна публикации __
a Страна публикации RU
105 Кодированные данные (монография) __
a Кодированные данные (монография) y###||||000|y
200 Заглавие и сведения об ответственности 1_
a Заглавие Борис и Глеб
b Общее обозначение материала Текст
e Сведения, относящиеся к заглавию [первые православные святые князья-мученики]
f Первые сведения об ответственности А. Карпов
300 Общие примечания __
a Общие примечания Ограничения по возрасту - 6+
461 Уровень набора _0
1 2000
a Детская роман-газета
463 Уровень физической единицы _0
1 001RU/CBS_Ul/BASE/525955885
1 2000
a № 8
v С. 32-35
1 210
d 2016
600 Персоналии _0
a Персоналии (Фамилия) Борис Владимирович (князь Ростовский)
600 Персоналии _0
a Персоналии (Фамилия) Глеб Владимирович (князь Муромский)
606 Тематические рубрики 0_
a Основная рубрика Борис (князь Ростовский; ? - 1015)
606 Тематические рубрики 0_
a Основная рубрика Глеб (князь Муромский; 984 - 1015)
610 Ключевые слова 0_
a Ключевые слова православные святые
610 Ключевые слова 0_
a Ключевые слова святые
610 Ключевые слова 0_
a Ключевые слова князья
610 Ключевые слова 0_
a Ключевые слова мученики
610 Ключевые слова 0_
a Ключевые слова благоверные князья
610 Ключевые слова 0_
a Ключевые слова православие
610 Ключевые слова 0_
a Ключевые слова мученики-страстотерпцы
686 Индексы других классификаций __
a Классификационный индекс 86.372-574
2 Код системы ББК
700 Автор _1
a Фамилия Карпов
b Имя (инициалы) А.
801 Источник записи _0
a Страна RU
b Организация МБУК ЦБС г. Ульяновска
c Дата составления 20160831
g Правила каталогизации RCR
801 Источник записи _1
a Страна RU
b Организация МБУК ЦБС г. Ульяновска
c Дата составления 20160831
g Правила каталогизации RCR
901 Тип документа __
t Тип документа b
w Контрольный № источника RU/CBS_Ul/BASE/525955885
910 Корректоры записи __
a Корректор записи Ильина
938 Служебная информация __
a Имя БД period